LIBRARY & INFORMATION CENTRE, KCAET, TAVANUR

ONLINE PUBLIC ACCESS CATALOGUE (OPAC)

Gopal Krishna Gokhale (Record no. 4338)

MARC details
000 -LEADER
fixed length control field 00378cam a2200169ua 4500
041 ## - LANGUAGE CODE
Language code of text/sound track or separate title eng
082 ## - DEWEY DECIMAL CLASSIFICATION NUMBER
Classification number 923.2
Item number PAR/GO
100 ## - MAIN ENTRY--AUTHOR NAME
Personal name Parvathi, T.V .
245 ## - TITLE STATEMENT
Title Gopal Krishna Gokhale
260 ## - PUBLICATION, DISTRIBUTION, ETC. (IMPRINT)
Place of publication Ahmadabad :
Name of publisher Navajivan publishing house ,
Year of publication 1959.
300 ## - PHYSICAL DESCRIPTION
Number of Pages 484 ; .
942 ## - ADDED ENTRY ELEMENTS (KOHA)
Koha item type Books
Holdings
Withdrawn status Lost status Damaged status Home library Current library Date acquired Full call number Accession Number Koha item type
Withdrawn     KAUAET Sanskrit University 07/04/2012 923.2 2430 Books
free website counter